000 00671nam a2200241Ia 4500
003 OSt
005 20221007082311.0
006 a|||||r|||| 00| 0
007 ta
008 221006b |||||||| |||| 00| 0 eng d
024 _a12,651
037 _cReports / Technical Reports
040 _aFLL
_cFLL
_beng
041 _2eng
_aeng
082 _aV2,31:91.N71s, L3.2
110 _aGovt. of india
245 0 _aReport of the fifth general election to the house of the people in india
260 _c1973
490 _vVol.2
700 _aGovt. of india
942 _hV2,31:91.N71s, L3.2
_cREP
_2CC
999 _c1165977
_d1165977